มุมมองปกติ
มุมมองแบบ MARC
- ตัวละครและลักษณะนิสัยในวรรณคดี
รายการ Topical Term
001 - CONTROL NUMBER
- control field: 11251
003 - CONTROL NUMBER IDENTIFIER
- control field: NALT
005 - DATE AND TIME OF LATEST TRANSACTION
- control field: 20210311130815.0
008 - FIXED-LENGTH DATA ELEMENTS
- fixed length control field: 170731|| aca||babn | a|a d
040 ## - CATALOGING SOURCE
- Original cataloging agency: NALT
150 #4 - HEADING--TOPICAL TERM
- Topical term or geographic name entry element: ตัวละครและลักษณะนิสัยในวรรณคดี
